| 000 | 00429nam a22001457a 4500 | ||
|---|---|---|---|
| 005 | 20240319104642.0 | ||
| 008 | 240319b |||||||| |||| 00| 0 eng d | ||
| 082 |
_a327.954 _bMOH-N |
||
| 100 | _aMuhammad farooq Qureshi | ||
| 245 |
_aNawaz Sharif: _bAik Hukmaraan- aik siyasatdaan _cby Muhammad farooq Qureshi |
||
| 260 |
_aPakistan: _bQuomi Press ; _c1994 . |
||
| 300 |
_a456 p. : _c21.5 cm. |
||
| 650 | _aLiterature | ||
| 999 |
_c35396 _d35396 |
||